000 01235nam a22003377a 4500
003 CHAP
005 20220329135638.0
008 971013s1981 r 00010 d
010 _a39852
011 _a40824
035 _a44950
040 _cCHAP
090 _aTesis
100 0 0 _aMoorhead Jackson, Reid Clark.
_978106
245 _aEstudio de la presencia de anticuerpos precipitantes contra el virus de la lengua azul en ovinos y bovinos sacrificados en el rastro de ferrería de la ciudad de México, D.F.
260 _aMéxico, D.F. :
_bEl autor,
_c1981
300 _a34 h.
_b; mapas
502 _aTesis (Médico Veterinario Zootecnista) -- UNAM. Facultad de Medicina Veterinaria y Zootecnia
590 _aALEPH
_b10
_c20130110
_lUCH01
_h1308
590 _aBATCH-UPD
_b10
_c20130110
_lUCH01
_h1725
590 _aBATCH-UPD
_b10
_c20130410
_lUCH01
_h1108
590 _aCONVERSION
_b10
_c20130109
_lUCH01
_h1322
650 1 4 _aAntigenos y anticuerpos.
_96080
650 1 4 _aGanado lanar
_xEnfermedades.
_945173
650 1 4 _aGanado vacuno
_xEnfermedades.
_945460
650 1 4 _aLengua azul de la oveja.
_965981
650 1 4 _aMataderos.
_972885
901 _aBK
942 _cTESIS
949 _bBC
_cTES
_d-102955
_eTS1
_h18515
_i44950
_si
999 _c39852
_d39852